| 000 | 00753nam a22002417a 4500 | ||
|---|---|---|---|
| 999 |
_c15264 _d15264 |
||
| 003 | MIRAKIL | ||
| 005 | 20240205144449.0 | ||
| 008 | 240205b tu ||||| |||| 00| 0 tur d | ||
| 020 | _a9789944137232 | ||
| 040 |
_aTR-AnCHP _cTR-AnCHP |
||
| 041 | _aTürkçe | ||
| 082 |
_a339 _bE45T 2008 |
||
| 090 | _a339 E45T 2008 | ||
| 100 | _aEkinci, Mehmet Fatih | ||
| 245 | 1 | 0 |
_aTürkiye'nin mali intiharı / _cMehmet Fatih Ekinci |
| 260 |
_aAnkara _bPlatin _c2018 |
||
| 300 |
_a704 s. _c23 cm. |
||
| 650 | 0 |
_9706 _aOsmanlı Bankası _xBorçlar |
|
| 650 | 0 |
_96892 _aUluslararası Para Fonu (IMF) |
|
| 650 | 0 |
_9435 _aGalata bankerleri _xBorçlar |
|
| 856 | _zDijital Nüshası için Partimizin Kütüphane Sorumlusu ile iletişime geçiniz. | ||
| 942 |
_2ddc _cBKS |
||